<?xml version="1.0" encoding="UTF-8"?><?xml-stylesheet type="text/xsl" href="static/style.xsl"?><OAI-PMH xmlns="http://www.openarchives.org/OAI/2.0/" xmlns:xsi="http://www.w3.org/2001/XMLSchema-instance" xsi:schemaLocation="http://www.openarchives.org/OAI/2.0/ http://www.openarchives.org/OAI/2.0/OAI-PMH.xsd"><responseDate>2026-04-14T05:29:46Z</responseDate><request verb="GetRecord" identifier="oai:www.recercat.cat:2072/433931" metadataPrefix="marc">https://recercat.cat/oai/request</request><GetRecord><record><header><identifier>oai:recercat.cat:2072/433931</identifier><datestamp>2024-10-31T02:45:54Z</datestamp><setSpec>com_2072_98</setSpec><setSpec>col_2072_378192</setSpec></header><metadata><record xmlns="http://www.loc.gov/MARC21/slim" xmlns:dcterms="http://purl.org/dc/terms/" xmlns:xsi="http://www.w3.org/2001/XMLSchema-instance" xmlns:doc="http://www.lyncode.com/xoai" xsi:schemaLocation="http://www.loc.gov/MARC21/slim http://www.loc.gov/standards/marcxml/schema/MARC21slim.xsd">
   <leader>00925njm 22002777a 4500</leader>
   <datafield ind2=" " ind1=" " tag="042">
      <subfield code="a">dc</subfield>
   </datafield>
   <datafield ind2=" " ind1=" " tag="720">
      <subfield code="a">Ricárdez Frías, Rosana Carmita</subfield>
      <subfield code="e">author</subfield>
   </datafield>
   <datafield ind2=" " ind1=" " tag="260">
      <subfield code="c">2018</subfield>
   </datafield>
   <datafield ind2=" " ind1=" " tag="520">
      <subfield code="a">Este artículo es un análisis de la crítica cinematográfica mexicana (películas adaptadas de obras literarias) de Xavier Villaurrutia, publicada entre 1937 y 1943 en las revistas mexicanas Hoy y Así. A partir de una selección de sus escritos, propongo una sistematización de su crítica que permite leerla unida al resto de su actividad artística, de su biografía y como pilar fundamental en la formación de los espectadores en el período postrevolucionario.</subfield>
   </datafield>
   <datafield ind2=" " ind1=" " tag="520">
      <subfield code="a">This paper is an analysis of the national cinematographic critique (films adapted from literary works) by Xavier Villaurrutia, published between 1937 and 1943 in the Mexican magazines Hoy and Así. From his manuscripts, I propose a close reading of this criticism that allows read it linked to the rest of his artistic activity, his biography, and also as a fundamental cornerstone in the formation of viewers in the postrevolutionary period.</subfield>
   </datafield>
   <datafield tag="653" ind2=" " ind1=" ">
      <subfield code="a">Villaurrutia</subfield>
   </datafield>
   <datafield tag="653" ind2=" " ind1=" ">
      <subfield code="a">Formación de público</subfield>
   </datafield>
   <datafield tag="653" ind2=" " ind1=" ">
      <subfield code="a">Crítica cinematográfica</subfield>
   </datafield>
   <datafield tag="653" ind2=" " ind1=" ">
      <subfield code="a">Training audiences</subfield>
   </datafield>
   <datafield tag="653" ind2=" " ind1=" ">
      <subfield code="a">Cinematographic criticism</subfield>
   </datafield>
   <datafield ind2="0" ind1="0" tag="245">
      <subfield code="a">Villaurrutia y la formación de público en su crítica cinematográfica (1937-1943)</subfield>
   </datafield>
</record></metadata></record></GetRecord></OAI-PMH>